[Event "37th Reykjavik op"]
[Site "Reykjavik ISL"]
[Date "2024.03.16"]
[Round "3.44"]
[White "Roberts, Tallulah"]
[Black "Manenschijn, Wouter"]
[WhiteElo "1671"]
[BlackElo "1864"]
[Result "0-1"]
[EventDate "2024.03.15"]
[PlyCount "88"]

1. e4 { [%eval 0.13] [%clk 1:30:57] } 1... e5 { [%eval 0.17] [%clk 1:30:38] } 2. Nf3 { [%eval 0.21] [%clk 1:31:23] } 2... Nc6 { [%eval 0.13] [%clk 1:31:01] } 3. Bb5 { [%eval 0.21] [%clk 1:31:49] } 3... a6 { [%eval 0.2] [%clk 1:31:12] } 4. Ba4 { [%eval 0.31] [%clk 1:32:17] } 4... Nf6 { [%eval 0.14] [%clk 1:31:25] } 5. d3 { [%eval 0.04] [%clk 1:32:43] } 5... b5 { [%eval 0.21] [%clk 1:30:42] } 6. Bb3 { [%eval 0.11] [%clk 1:33:04] } 6... Be7 { [%eval 0.32] [%clk 1:29:14] } 7. c3 { [%eval 0.09] [%clk 1:32:03] } 7... O-O { [%eval 0.12] [%clk 1:28:44] } 8. O-O { [%eval 0.17] [%clk 1:31:24] } 8... d6 { [%eval 0.15] [%clk 1:28:56] } 9. Re1 { [%eval 0.1] [%clk 1:30:12] } 9... Na5 { [%eval 0.07] [%clk 1:28:28] } 10. Bc2 { [%eval 0.09] [%clk 1:29:58] } 10... c5 { [%eval 0.06] [%clk 1:28:45] } 11. a4 { [%eval 0.01] [%clk 1:27:05] } 11... Bb7 { [%eval 0.13] [%clk 1:15:13] } 12. Nbd2 { [%eval 0.18] [%clk 1:20:08] } 12... Qc7 { [%eval 0.26] [%clk 1:14:05] } 13. Nf1 { [%eval 0.29] [%clk 1:16:18] } 13... Rfe8 { [%eval 0.23] [%clk 1:11:32] } 14. Ng3 { [%eval 0.28] [%clk 1:10:09] } 14... Bf8 { [%eval 0.32] [%clk 1:10:25] } 15. Bg5 { [%eval 0.21] [%clk 1:05:36] } 15... Nd7 { [%eval 0.39] [%clk 1:07:49] } 16. Nf5 { [%eval 0.07] [%clk 1:00:42] } 16... d5 { [%eval 0.52] [%clk 1:03:18] } 17. axb5 { [%eval 0.15] [%clk 0:50:50] } 17... axb5 { [%eval -0.06] [%clk 0:55:36] } 18. Ne3?! { [%eval -0.78] } { Inaccuracy. exd5 was best. } { [%clk 0:37:55] } (18. exd5 Bxd5) 18... d4?! { [%eval -0.19] } { Inaccuracy. h6 was best. } { [%clk 0:52:47] } (18... h6 19. Bh4 d4 20. Nd5 Qd6 21. Bg3 Bxd5 22. exd5 Qxd5 23. h4 g6 24. h5 g5 25. Nd2) 19. cxd4?! { [%eval -0.8] } { Inaccuracy. Nd5 was best. } { [%clk 0:31:36] } (19. Nd5) 19... cxd4 { [%eval -0.84] [%clk 0:51:12] } 20. Nf5 { [%eval -1.13] [%clk 0:28:33] } 20... Qb6?! { [%eval -0.51] } { Inaccuracy. b4 was best. } { [%clk 0:43:00] } (20... b4 21. Bd2) 21. Rc1?! { [%eval -1.18] } { Inaccuracy. N3h4 was best. } { [%clk 0:25:30] } (21. N3h4 Kh8) 21... b4 { [%eval -1.07] [%clk 0:38:08] } 22. Ba4 { [%eval -1.1] [%clk 0:21:52] } 22... Bc6 { [%eval -0.89] [%clk 0:37:12] } 23. Bxc6 { [%eval -0.95] [%clk 0:20:27] } 23... Nxc6 { [%eval -0.84] [%clk 0:37:35] } 24. Nd2 { [%eval -0.98] [%clk 0:19:23] } 24... Na5 { [%eval -1.03] [%clk 0:36:09] } 25. Rf1?! { [%eval -2.03] } { Inaccuracy. Qg4 was best. } { [%clk 0:16:26] } (25. Qg4 Qg6) 25... Rac8?? { [%eval -0.01] } { Blunder. h6 was best. } { [%clk 0:20:32] } (25... h6 26. Bh4 Nc5 27. Qf3 Nab3 28. Nc4 Qe6 29. Rc2 Na5 30. g4 b3 31. Rcc1 Nxc4 32. Rxc4) 26. Qg4 { [%eval -0.02] [%clk 0:14:19] } 26... Nc5?! { [%eval 1.05] } { Inaccuracy. Qe6 was best. } { [%clk 0:17:51] } (26... Qe6 27. Rxc8 Rxc8 28. Ra1 Nc6 29. Nc4 Nc5 30. Nb6 Rb8 31. Nd5 Kh8 32. Qd1 f6 33. Bh4) 27. Qg3?? { [%eval -1.62] } { Blunder. Nh6+ was best. } { [%clk 0:06:52] } (27. Nh6+ Kh8) 27... Qg6 { [%eval -1.33] [%clk 0:17:33] } 28. Nh4 { [%eval -1.28] [%clk 0:03:59] } 28... Qa6 { [%eval -1.5] [%clk 0:13:20] } 29. Ra1?! { [%eval -2.38] } { Inaccuracy. Nf5 was best. } { [%clk 0:02:29] } (29. Nf5 Qg6 30. Nh4 Qe6 31. f4 h6 32. f5 Qa6 33. f6 hxg5 34. fxg7 Bxg7 35. Qxg5 Ne6) 29... Ra8? { [%eval -1.12] } { Mistake. h6 was best. } { [%clk 0:06:30] } (29... h6 30. f4 Qxd3 31. Qxd3 Nxd3 32. Rxa5 Rc2 33. Nhf3 hxg5 34. fxg5 Rxb2 35. h4 Rc2 36. Rfa1) 30. Rfd1? { [%eval -2.76] } { Mistake. Nc4 was best. } { [%clk 0:02:29] } (30. Nc4 Ncb3 31. h3 h6 32. Bd2 Rec8 33. Nxa5 Nxa1 34. Rxa1 Rc2 35. Nb3 Qxa1+ 36. Nxa1 Rxa1+) 30... Qxd3 { [%eval -2.67] [%clk 0:05:38] } 31. Qxd3? { [%eval -4.51] } { Mistake. Qg4 was best. } { [%clk 0:01:43] } (31. Qg4 g6 32. Nhf3 h5 33. Qh4 Nc4 34. h3 Nxd2 35. Nxd2 Qe2 36. Rab1 Bg7 37. Re1 Qa6) 31... Nxd3 { [%eval -4.57] [%clk 0:06:04] } 32. Nhf3 { [%eval -4.75] [%clk 0:00:34] } 32... f6 { [%eval -4.79] [%clk 0:05:35] } 33. Bh4 { [%eval -4.75] [%clk 0:01:00] } 33... Nxb2 { [%eval -4.69] [%clk 0:05:09] } 34. Rdb1 { [%eval -4.78] [%clk 0:01:17] } 34... Nbc4 { [%eval -4.7] [%clk 0:04:20] } 35. Nxc4 { [%eval -5.4] [%clk 0:01:38] } 35... Nxc4 { [%eval -5.25] [%clk 0:04:46] } 36. Ne1 { [%eval -5.4] [%clk 0:01:24] } 36... Nd2 { [%eval -5.2] [%clk 0:04:23] } 37. Rxa8 { [%eval -5.56] [%clk 0:01:20] } 37... Rxa8 { [%eval -5.48] [%clk 0:04:37] } 38. Rd1 { [%eval -5.59] [%clk 0:00:49] } 38... Nxe4 { [%eval -5.71] [%clk 0:04:50] } 39. f3 { [%eval -5.74] [%clk 0:00:38] } 39... Nc3 { [%eval -5.74] [%clk 0:05:08] } 40. Rd2 { [%eval -5.64] [%clk 0:00:41] } 40... Ra2 { [%eval -5.66] [%clk 0:04:46] } 41. Rxa2 { [%eval -5.61] [%clk 0:29:28] } 41... Nxa2 { [%eval -5.6] [%clk 0:35:11] } 42. Nd3 { [%eval -5.59] [%clk 0:29:45] } 42... b3 { [%eval -5.62] [%clk 0:34:44] } 43. Nb2 { [%eval -5.75] [%clk 0:29:19] } 43... Ba3 { [%eval -5.75] [%clk 0:34:44] } 44. Nc4 { [%eval -5.8] [%clk 0:29:32] } 44... Bc1 { [%eval -5.67] [%clk 0:35:01] } 0-1

[Event "37th Reykjavik op"]
[Site "Reykjavik ISL"]
[Date "2024.03.16"]
[Round "3.45"]
[White "Anishka, Vikram"]
[Black "Kazarian, Anna-Maja"]
[WhiteElo "1995"]
[BlackElo "2206"]
[Result "1/2-1/2"]
[EventDate "2024.03.15"]
[PlyCount "94"]

1. d4 { [%eval 0.15] [%clk 1:30:54] } 1... d5 { [%eval 0.25] [%clk 1:30:57] } 2. c4 { [%eval 0.26] [%clk 1:31:11] } 2... c6 { [%eval 0.28] [%clk 1:31:24] } 3. cxd5 { [%eval 0.24] [%clk 1:31:25] } 3... cxd5 { [%eval 0.19] [%clk 1:31:49] } 4. Nc3 { [%eval 0.15] [%clk 1:31:40] } 4... Nf6 { [%eval 0.13] [%clk 1:31:59] } 5. Bf4 { [%eval 0.0] [%clk 1:31:56] } 5... Nc6 { [%eval 0.22] [%clk 1:31:52] } 6. e3 { [%eval 0.18] [%clk 1:32:09] } 6... Bg4 { [%eval 0.28] [%clk 1:31:48] } 7. Qb3 { [%eval 0.17] [%clk 1:26:57] } 7... Na5 { [%eval 0.25] [%clk 1:27:39] } 8. Qa4+ { [%eval 0.22] [%clk 1:26:24] } 8... Bd7 { [%eval 0.28] [%clk 1:27:49] } 9. Qc2 { [%eval 0.24] [%clk 1:14:04] } 9... Rc8 { [%eval 0.22] [%clk 1:27:03] } 10. Bd3 { [%eval 0.24] [%clk 1:12:33] } 10... e6 { [%eval 0.21] [%clk 1:22:24] } 11. Nf3 { [%eval 0.25] [%clk 1:06:39] } 11... b5 { [%eval 0.39] [%clk 1:16:46] } 12. a3 { [%eval 0.29] [%clk 1:00:57] } 12... Nc4 { [%eval 0.51] [%clk 1:14:27] } 13. O-O { [%eval 0.41] [%clk 0:55:21] } 13... Be7 { [%eval 0.37] [%clk 1:08:05] } 14. Qe2 { [%eval 0.42] [%clk 0:47:10] } 14... O-O { [%eval 0.52] [%clk 1:03:03] } 15. b3 { [%eval 0.03] [%clk 0:42:16] } 15... Nxa3 { [%eval 0.06] [%clk 1:02:49] } 16. Nxb5 { [%eval 0.0] [%clk 0:42:24] } 16... Bxb5 { [%eval 0.0] [%clk 1:02:35] } 17. Bxb5 { [%eval 0.0] [%clk 0:42:36] } 17... Qb6 { [%eval -0.01] [%clk 1:01:23] } 18. Ba4 { [%eval -0.27] [%clk 0:41:19] } 18... Rc2 { [%eval -0.22] [%clk 0:59:45] } 19. Qd1 { [%eval -0.28] [%clk 0:39:58] } 19... Rfc8 { [%eval 0.0] [%clk 0:59:00] } 20. Bg5 { [%eval 0.0] [%clk 0:36:36] } 20... Qb4 { [%eval 0.0] [%clk 0:52:37] } 21. Ne5 { [%eval 0.02] [%clk 0:32:18] } 21... R2c3 { [%eval 0.23] [%clk 0:21:10] } 22. Bxf6 { [%eval 0.01] [%clk 0:18:18] } 22... Bxf6 { [%eval 0.06] [%clk 0:21:24] } 23. Nd3 { [%eval 0.12] [%clk 0:18:36] } 23... Qe7 { [%eval 0.18] [%clk 0:20:59] } 24. b4 { [%eval 0.05] [%clk 0:17:52] } 24... Nc4 { [%eval 0.22] [%clk 0:14:28] } 25. Nc5 { [%eval 0.14] [%clk 0:17:45] } 25... e5 { [%eval 0.15] [%clk 0:13:40] } 26. dxe5 { [%eval 0.02] [%clk 0:16:13] } 26... Bxe5 { [%eval 0.01] [%clk 0:13:07] } 27. Qxd5 { [%eval -0.14] [%clk 0:07:43] } (27. Qd3 d4 28. Qxd4 { [%clk 0:07:43] } 28... Nb6 { [%clk 0:10:00] } 29. Qe4 { [%clk 0:07:15] } (29. Qd5) 29... Rc4 { [%clk 0:09:49] } 30. Qf3 { [%clk 0:04:00] }) 27... Nb6 { [%eval -0.21] [%clk 0:10:00] } 28. Qf3 { [%eval -0.17] [%clk 0:07:15] } 28... Rc4 { [%eval -0.17] [%clk 0:09:49] } 29. Rab1 { [%eval -0.24] [%clk 0:04:00] } 29... R4xc5 { [%eval 0.0] [%clk 0:00:52] } 30. bxc5 { [%eval -0.04] [%clk 0:04:23] } 30... Nxa4 { [%eval -0.08] [%clk 0:01:19] } 31. Qg4?! { [%eval -0.69] } { Inaccuracy. Rb7 was best. } { [%clk 0:04:28] } (31. Rb7 Qe8 32. Rxa7 Bb8 33. Ra5 Bc7 34. Ra7 Nxc5 35. Rc1 Bb6 36. Raa1 h6 37. g3 Rd8) 31... Qe8 { [%eval -0.78] [%clk 0:01:45] } 32. Rb7 { [%eval -0.71] [%clk 0:03:35] } 32... a6?! { [%eval 0.27] } { Inaccuracy. h5 was best. } { [%clk 0:01:23] } (32... h5 33. Qxh5) 33. Qh4?? { [%eval -2.55] } { Blunder. Re7 was best. } { [%clk 0:00:43] } (33. Re7 Qxe7 34. Qxc8+ Qf8 35. Qf5 Qe8 36. c6 Nb6 37. Rc1 g6 38. Qd3 Bc7 39. Qxa6 h5) 33... Bf6?! { [%eval -1.34] } { Inaccuracy. Nxc5 was best. } { [%clk 0:01:10] } (33... Nxc5 34. Re7 Qd8 35. Qg4 Bd6 36. Ra7 Bb8 37. Rd1 Bxa7 38. Rxd8+ Rxd8 39. g3 Bb8 40. Qg5) 34. Qc4 { [%eval -1.23] [%clk 0:00:48] } 34... Nxc5 { [%eval -1.23] [%clk 0:00:36] } 35. Rc1 { [%eval -1.3] [%clk 0:00:55] } 35... g6?! { [%eval -0.55] } { Inaccuracy. Be7 was best. } { [%clk 0:00:37] } (35... Be7 36. Ra7 Rb8 37. Rc7 Rb5 38. h4 Bd6 39. Ra7 Bf8 40. Rd1 Rb6 41. g3 h5 42. Rd5) 36. Rb6?! { [%eval -1.5] } { Inaccuracy. g3 was best. } { [%clk 0:01:10] } (36. g3) 36... Kg7 { [%eval -1.48] [%clk 0:00:34] } 37. Rxa6?! { [%eval -2.46] } { Inaccuracy. h4 was best. } { [%clk 0:01:09] } (37. h4 Qd8 38. Rb7 Nxb7 39. Qxc8 Qd2 40. Qc2 Qb4 41. h5 Nd8 42. Rb1 Qa3 43. g3 a5) 37... Nxa6?? { [%eval 0.0] } { Blunder. Bb2 was best. } { [%clk 0:00:36] } (37... Bb2 38. Qxc5 Bxc1 39. Qd4+ Kg8 40. g3 Rd8 41. Qa4 Qe5 42. Ra8 Rxa8 43. Qxa8+ Kg7 44. Kf1) 38. Qxc8 { [%eval 0.0] [%clk 0:01:37] } 38... Qb5 { [%eval 0.0] [%clk 0:00:40] } 39. g3 { [%eval 0.0] [%clk 0:01:37] } 39... h5 { [%eval 0.0] [%clk 0:00:40] } 40. Rc6 { [%eval 0.0] [%clk 0:01:28] } 40... Nb4 { [%eval 0.0] [%clk 0:00:38] } 41. Rc7 { [%eval 0.0] [%clk 0:01:39] } 41... Nd3 { [%eval 0.0] [%clk 0:22:21] } 42. Qb7 { [%eval 0.0] [%clk 0:26:41] } 42... Qe8 { [%eval -0.06] [%clk 0:14:21] } 43. Qd5 { [%eval -0.01] [%clk 0:22:06] } 43... Ne5 { [%eval 0.0] [%clk 0:13:34] } 44. f4 { [%eval -0.07] [%clk 0:19:10] } 44... Ng4 { [%eval 0.0] [%clk 0:13:41] } 45. e4 { [%eval -0.01] [%clk 0:19:23] } 45... Ne3 { [%eval 0.0] [%clk 0:11:32] } 46. Qd7 { [%eval 0.02] [%clk 0:18:19] } 46... Qxd7 { [%eval 0.02] [%clk 0:08:09] } 47. Rxd7 { [%eval 0.05] [%clk 0:18:47] } 47... Kf8 { [%eval 0.05] [%clk 0:08:16] } 1/2-1/2

[Event "37th Reykjavik op"]
[Site "Reykjavik ISL"]
[Date "2024.03.16"]
[Round "3.53"]
[White "Carey, Michael"]
[Black "Pigott, John"]
[WhiteElo "1880"]
[BlackElo "2326"]
[Result "0-1"]
[EventDate "2024.03.15"]
[PlyCount "66"]

1. Nf3 Nf6 2. c4 e6 3. Nc3 (3. e3 b6) 3... d5 4. e3 b6 5. cxd5 exd5 6. b3 Bd6
7. Bb2 O-O 8. Rc1 a6 9. g3 Bb7 10. d4 Nbd7 11. Bg2 Re8 12. O-O Rc8 13. Ne2 Ne4
14. Nf4 Qe7 15. Nd3 c5 16. Nde5 f6 17. Nxd7 Qxd7 18. Nd2 Nxd2 19. Qxd2 c4 20.
Qe2 b5 21. Qh5 f5 22. bxc4 g6 23. Qf3 bxc4 24. Bc3 Qa4 25. Rb1 Bc6 26. Rb6 Rb8
27. Rfb1 Qc2 28. R1b2 Qxc3 29. Rxc6 Rxb2 30. Rxd6 Rb1+ 31. Bf1 Qe1 32. Qxd5+
Kh8 33. Qxc4 Rb2 0-1

[Event "37th Reykjavik op"]
[Site "Reykjavik ISL"]
[Date "2024.03.16"]
[Round "3.54"]
[White "Ferzli, Michael"]
[Black "Gramb, Marius"]
[WhiteElo "1879"]
[BlackElo "2142"]
[Result "1-0"]
[EventDate "2024.03.15"]
[PlyCount "89"]

1. d4 Nf6 2. c4 e6 3. g3 d5 4. Bg2 Bb4+ 5. Nd2 O-O 6. Ngf3 b6 7. O-O Bb7 8. a3
Be7 9. cxd5 exd5 10. b4 a5 11. b5 c6 12. Qa4 cxb5 13. Qxb5 Ba6 14. Qb2 Nfd7 15.
Re1 Nc6 16. e4 dxe4 17. Nxe4 Bc4 18. Bf4 Rc8 19. Nd6 Bxd6 20. Bxd6 Re8 21.
Rxe8+ Qxe8 22. Re1 Qd8 23. Nd2 Ba6 24. Bh3 Ncb8 25. Qb3 Rc6 26. Bxd7 Nxd7 27.
Re7 Qf8 28. Rxd7 Rxd6 29. Ra7 Bc8 30. d5 Qe8 31. Nf3 h6 32. Ra8 b5 33. Qc3 Rd8
34. Qc7 Kh7 35. d6 Bh3 36. Qxd8 Qe2 37. Ng5+ hxg5 38. Qh8+ Kg6 39. Qxh3 Qd1+
40. Qf1 Qxd6 41. Qb1+ f5 42. Qxb5 Qxa3 43. Ra6+ Kh5 44. Qe2+ g4 45. Qe8+ 1-0

[Event "37th Reykjavik op"]
[Site "Reykjavik ISL"]
[Date "2024.03.16"]
[Round "3.77"]
[White "Hill, Andy"]
[Black "Eythorsson, Engilbert Vidar"]
[WhiteElo "1926"]
[BlackElo "1743"]
[Result "1-0"]
[EventDate "2024.03.15"]
[PlyCount "57"]

1. Nf3 d5 2. e3 Nf6 3. c4 (3. d4) 3... e6 4. Nc3 c6 5. b3 Bd6 6. Bb2 Nbd7 7. d4
Bb4 8. a3 Bxc3+ 9. Bxc3 Ne4 10. Bb2 a5 11. Bd3 Ndf6 12. O-O O-O 13. a4 Re8 14.
Qc2 h6 15. Ne5 Qc7 16. f3 Ng5 17. Ba3 Ngh7 18. f4 Nf8 19. Rf3 N8d7 20. Raf1 b6
21. cxd5 Nxe5 22. fxe5 Nxd5 23. Bh7+ Kh8 24. Rxf7 Bd7 25. Qg6 Rg8 26. Bxg8 Rxg8
27. Bf8 Bc8 28. Bxg7+ Rxg7 29. Qxg7# 1-0

[Event "37th Reykjavik op"]
[Site "Reykjavik ISL"]
[Date "2024.03.16"]
[Round "3.104"]
[White "Muller, Maxime"]
[Black "Johannsson, Birkir Isak"]
[WhiteElo "1961"]
[BlackElo "2161"]
[Result "1-0"]
[EventDate "2024.03.15"]
[PlyCount "67"]

1. d4 d5 2. c4 e6 3. Nf3 Nf6 4. g3 dxc4 5. Bg2 Bb4+ 6. Bd2 a5 7. Qc2 c5 8. dxc5
Bxc5 9. O-O Nbd7 10. Qxc4 b6 11. Nc3 Ba6 12. Qh4 Rc8 13. Rad1 Qe7 14. Rfe1 O-O
15. e4 e5 16. Bg5 Bb7 17. Bh3 Qe8 18. Bxf6 Nxf6 19. Bxc8 {[%cal Gb7c8]} Bxc8
20. Qg5 (20. Ng5) 20... Nd7 21. Nb5 f6 22. Qd2 Qe7 23. Na7 Nb8 24. Nxc8 Rxc8
25. a3 Nc6 26. Qd5+ Kf8 27. Rc1 Qf7 28. Red1 Ne7 (28... Re8) 29. Qb7 Qb3 30.
Ne1 Qxb2 31. Nd3 Qe2 32. Nxc5 Rxc5 33. Rd8+ Kf7 34. Rxc5 1-0

[Event "37th Reykjavik op"]
[Site "Reykjavik ISL"]
[Date "2024.03.16"]
[Round "3.113"]
[White "George Samir, David"]
[Black "Stark, John"]
[WhiteElo "2130"]
[BlackElo "1947"]
[Result "1-0"]
[EventDate "2024.03.15"]
[PlyCount "81"]

1. e4 c6 2. d4 d5 3. e5 Bf5 4. h4 h5 5. Bd3 Bxd3 6. Qxd3 Qa5+ 7. Nd2 e6 8. Ngf3
Qa6 9. c4 Nh6 10. b3 Nf5 11. O-O Be7 12. g3 c5 13. dxc5 Bxc5 14. Kg2 Nc6 15.
Qb1 g6 16. cxd5 exd5 17. Bb2 Qe2 18. Qe1 Ne3+ 19. Kg1 Qxe1 20. Rfxe1 Ng4 21.
Re2 O-O 22. a3 a5 23. Kg2 Rfe8 24. Rae1 Nd8 25. Nb1 Ne6 26. Nc3 Red8 27. Rd1
Nc7 28. Red2 b5 29. Nxd5 Nxd5 30. Rxd5 Rxd5 31. Rxd5 Bxf2 32. Rxb5 Rd8 33. Rxa5
Bb6 34. Rb5 Ne3+ 35. Kf2 Ba7 36. Rb7 Nd1+ 37. Ke2 Bf2 38. e6 fxe6 39. Rg7+ Kf8
40. Ng5 Rd6 41. Be5 1-0

[Event "37th Reykjavik op"]
[Site "Reykjavik ISL"]
[Date "2024.03.16"]
[Round "3.125"]
[White "Dyshliuk, Fedir"]
[Black "Spencer, Aaron"]
[WhiteElo "1740"]
[BlackElo "1899"]
[Result "0-1"]
[EventDate "2024.03.15"]
[PlyCount "132"]

1. e4 c5 2. Nf3 d6 3. Bb5+ Nd7 4. c4 a6 5. Ba4 g6 6. Nc3 Bg7 7. O-O Ngf6 8. d3
O-O 9. Re1 Ng4 10. Bf4 Nde5 11. h3 Nxf3+ 12. Qxf3 Ne5 13. Qe3 Rb8 14. Rad1 Bd7
15. Bxd7 Qxd7 16. a4 Nc6 17. Bh6 Nd4 18. Bxg7 Kxg7 19. Qd2 b6 20. Rb1 Qxh3 21.
Ne2 Nxe2+ 22. Rxe2 Qd7 23. b3 e5 24. Re3 f5 25. exf5 Rxf5 26. Rh3 Rbf8 27. Qh6+
Kg8 28. Rb2 Rf4 29. Re2 R8f7 30. Qg5 R7f5 31. Qg3 b5 32. axb5 axb5 33. Ra2 bxc4
34. dxc4 Qb7 35. Qe3 Rxc4 36. bxc4 Qb1+ 37. Kh2 Qxa2 38. Qd3 Qa6 39. Qd5+ Kg7
40. Qd2 Rf7 41. Qh6+ Kg8 42. Rb3 Qc8 43. Qd2 Qf5 44. Rf3 Qe6 45. Rc3 Qf6 46.
Kg1 Qf4 47. Qe2 Ra7 48. Qb2 Rf7 49. Qe2 Qd4 50. Rc1 Ra7 51. Qf1 Ra2 52. Rd1
Rxf2 53. Qxf2 Qxd1+ 54. Kh2 Qd4 55. Qa2 e4 56. Qa8+ Kg7 57. Qb7+ Kh6 58. Qf7
Qe5+ 59. Kh1 Qf5 60. Qe7 Qf1+ 61. Kh2 Qf4+ 62. Kg1 e3 63. Qe6 Qf2+ 64. Kh2 e2
65. Qh3+ Kg7 66. Qd7+ Qf7 0-1

[Event "37th Reykjavik op"]
[Site "Reykjavik ISL"]
[Date "2024.03.16"]
[Round "3.130"]
[White "Andrieu, Justin"]
[Black "Kjartansson, Matthias Bjoergvin"]
[WhiteElo "1720"]
[BlackElo "1893"]
[Result "0-1"]
[EventDate "2024.03.15"]
[PlyCount "76"]

1. c4 Nf6 2. Nc3 e6 3. g3 d5 4. cxd5 exd5 5. d4 c6 6. Bg2 Bb4 7. e3 Bf5 8. Nge2
O-O 9. O-O Na6 10. a3 Bd6 11. h3 h5 12. Nf4 Bxf4 13. exf4 Qd7 14. Kh2 Rfe8 15.
Be3 Nc7 16. Na4 b6 17. Rc1 Nb5 18. Nc3 Nd6 19. b4 b5 20. a4 a6 21. Re1 Nc4 22.
Qb3 Re7 23. Nd1 Ne8 24. Nb2 Nxb2 25. Qxb2 Nd6 26. a5 Nc4 27. Qb3 Rae8 28. Rc3
Be4 29. Qd1 Qf5 30. g4 hxg4 31. Qxg4 Qxg4 32. hxg4 Bxg2 33. Kxg2 Re4 34. Kf1 g5
35. fxg5 Rxg4 36. Re2 Rh4 37. Rd3 Rh1+ 38. Kg2 Rb1 0-1

[Event "37th Reykjavik op"]
[Site "Reykjavik ISL"]
[Date "2024.03.16"]
[Round "3.156"]
[White "Hauksson, Helgi"]
[Black "Gudmundsson, Gunnar Erik"]
[WhiteElo "1790"]
[BlackElo "2009"]
[Result "0-1"]
[EventDate "2024.03.15"]
[PlyCount "80"]

1. e4 c5 2. Nf3 Nc6 3. d4 cxd4 4. Nxd4 Nf6 5. Nc3 e5 6. Ndb5 d6 7. Bg5 a6 8.
Na3 b5 9. Nd5 Be7 10. Bxf6 Bxf6 11. c3 O-O 12. Be2 Bg5 13. O-O Rb8 14. Nc2 Kh8
15. a4 bxa4 16. Rxa4 Rxb2 17. Bxa6 Bd7 18. Ra3 Be6 19. Nce3 Bxe3 20. Nxe3 Ne7
21. Bc4 Qc7 22. Bd5 Rd8 23. c4 Nc6 24. Qa1 Rdb8 25. h3 h6 26. Ra8 R2b6 27. Kh2
Kh7 28. Rxb8 Qxb8 29. Qd1 Qd8 30. f4 exf4 31. Rxf4 Ne5 32. Qe2 Qg5 33. Rf2 Qe7
34. Nf5 Qf6 35. g3 Ng6 36. Kg2 Rb1 37. Ne3 Qa1 38. Nf1 Ne5 39. Kh2 Re1 40. Rxf7
Rxe2+ 0-1

[Event "37th Reykjavik op"]
[Site "Reykjavik ISL"]
[Date "2024.03.17"]
[Round "4.2"]
[White "Seemann, Jakub"]
[Black "Lu, Maximillian"]
[WhiteElo "2451"]
[BlackElo "2375"]
[Result "1-0"]
[EventDate "2024.03.15"]
[PlyCount "66"]

1. Nf3 {[%eval 2,0]} d5 {[%eval 2,0]} 2. g3 {[%eval 19,0]} c5 {[%eval 25,0]} 3.
Bg2 {[%eval 0,0]} g6 $6 {[%eval 65,0] Inaccuracy. Nf6 was best.} (3... Nf6 4.
O-O e6 5. d4 cxd4 6. Nxd4 e5 7. Nb3 Be6 8. e4) 4. c4 {[%eval 42,0]} d4 {
[%eval 52,0]} 5. b4 {[%eval 34,0]} Bg7 {[%eval 79,0]} 6. d3 {[%eval 34,0]} cxb4
{[%eval 29,0]} 7. a3 {[%eval 31,0]} bxa3 {[%eval 35,0]} 8. O-O {[%eval 8,0]}
Nc6 {[%eval 18,0]} 9. Bxa3 {[%eval 15,0]} Nf6 {[%eval 6,0]} 10. Nbd2 {[%eval 8,
0]} O-O {[%eval 2,0]} 11. Nb3 {[%eval 8,0]} Re8 {[%eval 1,0]} 12. Nfd2 {
[%eval 22,0]} Qc7 {[%eval 26,0]} 13. Rb1 {[%eval 74,0]} Nd7 {[%eval 72,0]} 14.
Bb2 {[%eval 73,0]} Ndb8 {[%eval 39,0]} 15. Nf3 {[%eval 56,0]} Rd8 {[%eval 56,0]
} 16. Qc1 $6 {[%eval -86,0] Inaccuracy. e3 was best.} (16. e3 dxe3) 16... Bf5
$2 {[%eval 14,0] Mistake. a5 was best.} (16... a5 17. Ba3) 17. Re1 $6 {[%eval
85,0] Inaccuracy. Qf4 was best.} (17. Qf4 Qxf4 18. gxf4 a5 19. Nc5 b6 20. Na4
Ra6 21. Ba3 Nd7 22. Rb5 Nb4 23. Rb1 Rb8) 17... a5 {[%eval 83,0]} 18. Nc5 $6 {
[%eval -41,0] Inaccuracy. Ba3 was best.} (18. Ba3 Na6 19. Nh4 Bc8 20. Qd2 e5
21. Bxc6 Qxc6 22. Nxa5 Qc7 23. c5 Nb8 24. Bb4 Nc6) 18... b6 {[%eval -29,0]} 19.
Na4 {[%eval -186,0]} Na6 {[%eval -200,0]} 20. Nh4 {[%eval -156,0]} Be6 {
[%eval -17,0]} 21. Ba3 {[%eval -161,0]} Rab8 {[%eval -167,0]} 22. Rb5 {[%eval
-145,0]} Na7 {[%eval -142,0]} 23. Rb1 {[%eval -152,0]} Bd7 {[%eval -138,0]} 24.
Qd1 {[%eval -104,0]} Nc6 {[%eval -153,0]} 25. Nf3 {[%eval -153,0]} Ncb4 {
[%eval -161,0]} 26. e3 $6 {[%eval -242,0] Inaccuracy. Ra1 was best.} (26. Ra1
e5 27. Nd2 Bf6 28. Qb3 Bg5 29. Ne4 Be7 30. Reb1 Bc6 31. Nd2 Bxg2 32. Kxg2 Qc6+)
26... Bxa4 {[%eval -244,0]} 27. Qxa4 {[%eval -252,0]} Nxd3 {[%eval -258,0]} 28.
Re2 {[%eval -216,0]} Ndc5 {[%eval -253,0]} 29. Qb5 {[%eval -251,0]} d3 {
[%eval -267,0]} 30. Rd2 {[%eval -243,0]} Nb4 {[%eval -239,0]} 31. Ng5 {[%eval
-391,0]} Qe5 {[%eval -292,0]} 32. Ne4 $6 {[%eval -492,0] Inaccuracy. Nf3 was
best.} (32. Nf3 Qc3 33. Bb2 Qb3 34. Nd4 Rxd4 35. exd4 Bxd4 36. h4 Bc3 37. Bxc3
Qxc3 38. Rdd1 Qf6) 32... Nxe4 {[%eval -491,0]} 33. Qxe5 {[%eval -476,0]} Nxd2 {
[%eval -454,0]} 1-0